Financovanie miest a obcí vybranými bankami bakalárska práca

Gespeichert in:
Bibliographische Detailangaben
1. Verfasser: Horváthová, Szabina
Körperschaft: Podnikovohospodárska fakulta EU so sídlom v Košiciach. Katedra ekonómie
Weitere Verfasser: Bačová, Monika
Format: Buch
Sprache:Slowakisch
Veröffentlicht: Košice 2017
Tags: Tag hinzufügen
Keine Tags, Fügen Sie das erste Tag hinzu!

MARC

LEADER 00000nbm a2200000 4500
001 0235313
005 20240827092301.4
041 0 |a slo 
044 |a SK 
245 1 0 |a Financovanie miest a obcí vybranými bankami  |b bakalárska práca  |c Szabina Horváthová ; školiteľ: Monika Bačová 
264 1 |a Košice  |c 2017 
300 |a 50 s. 
100 1 |a Horváthová, Szabina 
700 1 |a Bačová, Monika 
710 2 |a Podnikovohospodárska fakulta EU so sídlom v Košiciach. Katedra ekonómie